000 00557nam a2200181Ia 4500
003 GCL
008 140319s9999 xx 000 0 ara d
040 _aGCL /
_cGCL
082 0 4 _a811.1
_bت ش
100 1 _aالتبريزى , ابوزكريا يحيى بن عل
245 1 0 _aشرح القصائد العشر /
_cالتبريزى , ابوزكريا يحيى بن عل
300 _a334 ص
490 _aكتاب
_v0
650 0 4 _aالشعر العربى
650 0 4 _aالادب العربى
650 0 4 _aدواوين وقصائد
942 _2ddc
_cBK
999 _c42020
_d42020